Bulletin
Kaydedildi:
| Yazar: | |
|---|---|
| Materyal Türü: | Kitap |
| Dil: | Undetermined |
| Baskı/Yayın Bilgisi: |
Germany
Institute for the Study of the USSR
1969
|
| Konular: | |
| Etiketler: |
Etiketle
Etiket eklenmemiş, İlk siz ekleyin!
|
| Thư viện lưu trữ: | Trung tâm Học liệu Trường Đại học Cần Thơ |
|---|
| LEADER | 00495nam a2200193Ia 4500 | ||
|---|---|---|---|
| 001 | CTU_84181 | ||
| 008 | 210402s9999 xx 000 0 und d | ||
| 082 | |a 330 | ||
| 082 | |b K94 | ||
| 100 | |a Kruzhin, Petr | ||
| 245 | 0 | |a Bulletin | |
| 245 | 0 | |c Petr Kruzhin | |
| 260 | |a Germany | ||
| 260 | |b Institute for the Study of the USSR | ||
| 260 | |c 1969 | ||
| 650 | |a Economic conditions | ||
| 650 | |x Russia | ||
| 904 | |i QHieu(sửa) | ||
| 980 | |a Trung tâm Học liệu Trường Đại học Cần Thơ | ||